00990nam a22002297a 4500003000900000005001700009008004100026040002200067100002300089240006400112245017300176246002100349260007900370500007100449700003700520700002100557700003000578942001200608945002700620952009600647999001700743DO-SdBNP20180510142407.0171123b mxu||||| |||| 00| 0 spa d aBPMSUbspacBMPSU aSpencer, Milton H. aManagerial economics : decision making and forward planning aEconomía de la administración de empresas:badopción de decisiones y planeación /cMilton H. Spencer, Louis Siegelman , traducción de Clementina Z. de Eguihua aIncluye índice aMéxico, D.F.:bUnión Tipográfica Editorial Hispano Americana, c1963 aIncluye referencias bibliográficas y notas al pie de las paginas1 aEguihua, Clementina Z. deetrad.1 aSiegelman, Louis1 aEguihua, Clementina Z. de 2ddccBK aInventariado, 2017/MFF 00102ddc40708CGaBPMETbBPMETd2017-11-24l0pBPMSU17110409r2017-11-24w2017-11-24yBK c13035d13035